| 000 | 01042nam a22003137a 4500 | ||
|---|---|---|---|
| 003 | CHAP | ||
| 005 | 20220329134858.0 | ||
| 008 | 971013s1956 r 00010 d | ||
| 010 | _a27400 | ||
| 011 | _a28372 | ||
| 035 | _a32476 | ||
| 040 | _cCHAP | ||
| 082 |
_a311.2 _bK48 1956 |
||
| 100 | 0 | 0 |
_aKendall, Maurice George. _963012 |
| 245 | _aExercises in theoretical statistics ; with answers and hints on solutions | ||
| 250 | _a2 ed. | ||
| 260 |
_aLondon : _bGriffin, _c1956 |
||
| 300 | _a179 p. | ||
| 590 |
_aBATCH-UPD _b10 _c20130110 _lUCH01 _h2058 |
||
| 590 |
_aBATCH-UPD _b10 _c20130410 _lUCH01 _h1411 |
||
| 590 |
_aBATCH-UPD _b10 _c20130914 _lUCH01 _h1323 |
||
| 590 |
_aCONVERSION _b10 _c20130109 _lUCH01 _h1316 |
||
| 650 | 1 | 4 |
_aEstadÃstica. _938241 |
| 901 | _aBK | ||
| 942 | _cLIBRO | ||
| 949 |
_a311.2 K48 1956 _bBC _cLIBRO _d33724000304978 _eLIBRO _h27928 _i32476 _si |
||
| 949 |
_a311.2 K48 1956 _bBC _cLIBRO _d33724000304986 _eLIBRO _fc.2 _h26501 _i32476 _si |
||
| 949 |
_a311.2 K48 1956 _bBC _cLIBRO _d33724000304994 _eLIBRO _fc.3 _h937 _i32476 _si |
||
| 999 |
_c27400 _d27400 |
||